000 00420nam a2200169Ia 4500
008 221030s9999 xx 000 0 und d
020 _a007460225X
041 _aEnglish
082 _a105.23
_bMah
100 _aA. S. Mahajan
245 0 _aElectricity & Magnetism
_cby A. S. Mahajan, A. A. Rangwala
260 _bTMH
_aNew Delhi
_c2000
300 _a508
650 _aPhysics
700 _aA. A. Rangwala
942 _cBK
999 _c7004
_d7004